The twilight ghost

Bibliographic Details
Main Author: Thiele, Colin
Format: Book
Published: Australia : Puffin Books , 2004
Series:Aussie Nibbles
Subjects:

MARC

LEADER 00000cam a2200000 7i4500
001 0000001776
005 20151222.0
008 09/07/07
020 |a 0143301616 
090 0 0 |a JF   |b ENG 
100 1 |a Thiele, Colin 
245 1 0 |a The twilight ghost   |c Colin Thiele 
260 |a Australia :   |b Puffin Books ,   |c 2004 
440 |a Aussie Nibbles 
500 |a Children ages 10-12 years old (pink) 
650 0 |a Ghosts   |x Juvenile fiction 
999 |a 0000960892   |b Book   |c Children Collection   |e Perbadanan Perpustakaan Awam Johor